Normal view MARC view

Entry Personal Name

Number of records used in: 1

001 - CONTROL NUMBER

  • control field: 13894

003 - CONTROL NUMBER IDENTIFIER

  • control field: OSt

005 - DATE AND TIME OF LATEST TRANSACTION

  • control field: 20210217155743.0

008 - FIXED-LENGTH DATA ELEMENTS

  • fixed length control field: 210217|| aca||aabn | a|a d

040 ## - CATALOGING SOURCE

  • Original cataloging agency: OSt
  • Transcribing agency: OSt

100 ## - HEADING--PERSONAL NAME

  • Personal name: Editors Russell, R.C.G.; Bulstrode, Christopher J.K.; Williams Norman S.

670 ## - SOURCE DATA FOUND

  • Source citation: Work cat.: (OSt)325: Editors Russell, R.C.G.; Bulstrode, Christopher J.K.; Williams Norman S., Bailey and Love's Short Practice of Surgery, 2004.